American People Airports - Presidents - Statistics

General Stats
  • This quiz has been taken 10 times
  • The average score is 8 of 9
Answer Stats
City State Code Answer % Correct
Springfield Illinois SPI Abraham Lincoln
100%
Little Rock Arkansas LIT Bill Clinton
100%
Houston Texas IAH George H.W. Bush
100%
New York New York JFK John F. Kennedy
100%
Grand Rapids Michigan GRR Gerald R. Ford
89%
Washington Virginia* DCA Ronald Reagan
89%
Dickinson North Dakota DIK Theodore Roosevelt
78%
West Palm Beach Florida PBI Donald Trump
67%
Wichita Kansas ICT Dwight D. Eisenhower
67%
No matching quizzes found
Score Distribution
Percent of People with Each Score
Percentile by Number Answered
Your Score History
You have not taken this quiz